Catálogo público

Reporte de fase de campo de la materia de Interrelación Agricultura -Industria / (Record no. 219925)

MARC details
000 -CABECERA
campo de control de longitud fija 01657nam a2200349 a 4500
003 - IDENTIFICADOR DEL NÚMERO DE CONTROL
campo de control mxchpua
005 - FECHA Y HORA DE LA ÚLTIMA TRANSACCIÓN
campo de control 20240524100345.0
007 - CAMPO FIJO DE DESCRIPCIÓN FÍSICA--INFORMACIÓN GENERAL
campo de control de longitud fija ta
008 - DATOS DE LONGITUD FIJA--INFORMACIÓN GENERAL
campo de control de longitud fija 240524s2022 mx abd|fs|||| 001 0 spa d
040 ## - FUENTE DE LA CATALOGACIÓN
Centro catalogador/agencia de origen mxchpua
090 ## - LOCALMENTE ASIGNADO TIPO-LC NÚMERO DE CLASIFICACIÓN (OCLC); NÚMERO DE CLASIFICACIÓN LOCAL (RLIN)
Número de clasificación (OCLC) (R) ; Numero de clasificación, CALL (RLIN) (NR) T.C.894
Número cutter local (OCLC) ; Número de libro/Signatura topográfica íntegra, CALL (RLIN) E85 IAI
Año 2022
245 10 - MENCIÓN DE TÍTULO
Título Reporte de fase de campo de la materia de Interrelación Agricultura -Industria /
Mención de responsabilidad, etc. coordinadores Félix Esparza Torres, León De Jesús Pacheco Álvarez y Gabriela Gudiño Guerrero ; colaboradores David Aldaco Estrada...[y otros]
260 ## - PUBLICACIÓN, DISTRIBUCIÓN, ETC.
Lugar de publicación, distribución, etc. Chapingo, México :
Nombre del editor, distribuidor, etc. El autor
Fecha de publicación, distribución, etc. 2022
300 ## - DESCRIPCIÓN FÍSICA
Extensión 1 recurso en línea (184 páginas) :
Otras características físicas ilustraciones, tablas, gráficas, mapas, diagramas
336 ## - TIPO DE CONTENIDO
Fuente rdacontent
Término de tipo de contenido texto
Código de tipo de contenido txt
337 ## - TIPO DE MEDIO
Fuente rdamedia
Nombre/término del tipo de medio computadora
Código del tipo de medio c
338 ## - TIPO DE SOPORTE
Fuente rdacarrier
Nombre/término del tipo de soporte recurso en línea
Código del tipo de soporte cr
500 ## - NOTA GENERAL
Nota general Grado: 5° año Grupo: 03
502 ## - NOTA DE TESIS
Nota de tesis Viaje de Estudios
Tipo de título (IAI) --
Nombre de la institución que otorga el título UACh. Departamento de Ingeniería Agroindustrial,
Año de obtención del título 2022
504 ## - NOTA DE BIBLIOGRAFÍA, ETC.
Nota de bibliografía, etc. Bibliografía: páginas 133-137
650 13 - PUNTO DE ACCESO ADICIONAL DE MATERIA--TÉRMINO DE MATERIA
9 (RLIN) 143326
Término de materia o nombre geográfico como elemento de entrada Industria láctea
Subdivisión geográfica México
-- Jalisco
650 13 - PUNTO DE ACCESO ADICIONAL DE MATERIA--TÉRMINO DE MATERIA
9 (RLIN) 120043
Término de materia o nombre geográfico como elemento de entrada Viticultura
Subdivisión geográfica México
-- Jalisco
650 13 - PUNTO DE ACCESO ADICIONAL DE MATERIA--TÉRMINO DE MATERIA
9 (RLIN) 151418
Término de materia o nombre geográfico como elemento de entrada Industria del vino
Subdivisión geográfica México
-- Jalisco
650 13 - PUNTO DE ACCESO ADICIONAL DE MATERIA--TÉRMINO DE MATERIA
9 (RLIN) 147869
Término de materia o nombre geográfico como elemento de entrada Milk industry
Subdivisión geográfica Mexico
-- Jalisco
650 13 - PUNTO DE ACCESO ADICIONAL DE MATERIA--TÉRMINO DE MATERIA
9 (RLIN) 149530
Término de materia o nombre geográfico como elemento de entrada Viticulture
Subdivisión geográfica Mexico
-- Jalisco
650 13 - PUNTO DE ACCESO ADICIONAL DE MATERIA--TÉRMINO DE MATERIA
9 (RLIN) 151419
Término de materia o nombre geográfico como elemento de entrada Wine industry
Subdivisión geográfica Mexico
-- Jalisco
700 1# - PUNTO DE ACCESO ADICIONAL--NOMBRE DE PERSONA
9 (RLIN) 154340
Nombre de persona Esparza Torres, Félix
Término indicativo de función/relación coordinador
700 1# - PUNTO DE ACCESO ADICIONAL--NOMBRE DE PERSONA
9 (RLIN) 189111
Nombre de persona Pacheco Álvarez, León De Jesús
Término indicativo de función/relación coordinador
700 1# - PUNTO DE ACCESO ADICIONAL--NOMBRE DE PERSONA
9 (RLIN) 189112
Nombre de persona Gudiño Guerrero, Gabriela
Término indicativo de función/relación coordinador
700 1# - PUNTO DE ACCESO ADICIONAL--NOMBRE DE PERSONA
9 (RLIN) 185351
Nombre de persona Aldaco Estrada, David
Término indicativo de función/relación colaborador
856 40 - LOCALIZACIÓN Y ACCESO ELECTRÓNICOS
Identificador Uniforme del Recurso <a href="http://10.13.5.2/ve/TC894_IAI/TC894_IAI_2022-REPORTE.pdf">http://10.13.5.2/ve/TC894_IAI/TC894_IAI_2022-REPORTE.pdf</a>
Texto de enlace DESCARGAR REPORTE
Holdings
Estado de retiro Estado de pérdida Fuente del sistema de clasificación o colocación Estado dañado No para préstamo Código de colección Localización permanente Ubicación/localización actual Ubicación en estantería Fecha de adquisición Fuente de adquisición Total de préstamos Signatura topográfica completa Código de barras Fecha visto por última vez Precio válido a partir de Tipo de ítem Koha
    Clasificación Universidad Autónoma de Chapingo     Viajes de estudio - En línea Ingenieria Agroindustrial Ingenieria Agroindustrial En línea 24/05/2024 El autor   T.C.894 E85 IAI 2022 1206015743 24/05/2024 24/05/2024 Viajes de Estudio - En línea